Proceedings of the ... [fourth] Conference ... held at Kafue, June 9th to 15th, 1924. (Record no. 189053)
[ view plain ]
| 000 -LEADER | |
|---|---|
| fixed length control field | 00904cam2a220021700 4500 |
| 001 - CONTROL NUMBER | |
| control field | tmp15963959 |
| 003 - CONTROL NUMBER IDENTIFIER | |
| control field | UPRA |
| 005 - DATE AND TIME OF LATEST TRANSACTION | |
| control field | 20190830111132.0 |
| 008 - FIXED-LENGTH DATA ELEMENTS--GENERAL INFORMATION | |
| fixed length control field | 951116s1925 za eng u |
| 035 ## - SYSTEM CONTROL NUMBER | |
| System control number | (Sirsi) r27235 |
| 035 ## - SYSTEM CONTROL NUMBER | |
| System control number | (UPRA)tmp15963959 |
| 040 ## - CATALOGING SOURCE | |
| Transcribing agency | UPRA |
| 111 2# - MAIN ENTRY--MEETING NAME | |
| Meeting name or jurisdiction name as entry element | General Missionary Conference of Northern Rhodesia. |
| Linkage | A91240.1 |
| 245 10 - TITLE STATEMENT | |
| Title | Proceedings of the ... [fourth] Conference ... held at Kafue, June 9th to 15th, 1924. |
| 260 ## - PUBLICATION, DISTRIBUTION, ETC. | |
| Place of publication, distribution, etc. | [Livingstonia] : |
| Name of publisher, distributor, etc. | Lovedale Institution Press, |
| Date of publication, distribution, etc. | 1925. |
| 500 ## - GENERAL NOTE | |
| General note | Missionary directory: p. 144-152. |
| 650 #0 - SUBJECT ADDED ENTRY--TOPICAL TERM | |
| Topical term or geographic name entry element | Missions -- Zambia -- Congresses. |
| Geographic subdivision | Missions -- Zambia -- Congresses. |
| General subdivision | Missions -- Zambia -- Congresses. |
| Linkage | S65404.1 |
| 650 #0 - SUBJECT ADDED ENTRY--TOPICAL TERM | |
| Topical term or geographic name entry element | Missions -- Zambia -- Directories. |
| Geographic subdivision | Missions -- Zambia -- Directories. |
| General subdivision | Missions -- Zambia -- Directories. |
| Linkage | S65405.1 |
| 949 ## - LOCAL PROCESSING INFORMATION (OCLC) | |
| a | BV3625 |
| w | lcc |
| i | -28464 |
| m | MAIN |
| t | BOOK |
| l | ON-SHELF |
No items available.